Normal view
MARC view
- Fletcher, Larry R
Entry Personal Name
001 - CONTROL NUMBER
- control field: 42583
003 - CONTROL NUMBER IDENTIFIER
- control field: NUST
005 - DATE AND TIME OF LATEST TRANSACTION
- control field: 20210314132346.0
008 - FIXED-LENGTH DATA ELEMENTS
- fixed length control field: 210314|| aca||aabn | a|a d
040 ## - CATALOGING SOURCE
- Original cataloging agency: NUST
- Transcribing agency: NUST
100 ## - HEADING--PERSONAL NAME
- Personal name: Fletcher, Larry R
670 ## - SOURCE DATA FOUND
- Source citation: Work cat.: (NUST): Dick, Richard A. 42579, Explosives and blasting procedures manual /, [1982]
